Der Anlage-Umwelt-Streit aus der Sicht von Forschungsergebnissen: ein Beitrag zur aktuellen Diskussion um die Begabtenförderung

Saved in:  
Bibliographic Details
Main Author: Meyer, Gerlinde (Author)
Format: Print Article
Language:German
Published: 1987
In: Erziehung & Unterricht
Year: 1987, Volume: 137, Issue: 6, Pages: 349-353
Check availability: HBZ Gateway
Keywords:

MARC

LEADER 00000caa a22000002c 4500
001 1630964115
003 DE-627
005 20220607123649.0
007 tu
008 120404s1987 xx ||||| 00| ||ger c
035 |a (DE-627)1630964115 
035 |a (DE-576)363230548 
035 |a (DE-599)BSZ363230548 
040 |a DE-627  |b ger  |c DE-627  |e rakwb 
041 |a ger 
100 1 |a Meyer, Gerlinde  |4 aut 
245 1 4 |a Der Anlage-Umwelt-Streit aus der Sicht von Forschungsergebnissen  |b ein Beitrag zur aktuellen Diskussion um die Begabtenförderung  |c Gerlinde Meyer 
264 1 |c 1987 
336 |a Text  |b txt  |2 rdacontent 
337 |a ohne Hilfsmittel zu benutzen  |b n  |2 rdamedia 
338 |a Band  |b nc  |2 rdacarrier 
773 0 8 |i In  |t Erziehung & Unterricht  |d Wien : Österr. Bundesverl. Schulbuch, 1946  |g 137(1987), 6, Seite 349-353  |w (DE-627)129537403  |w (DE-600)216442-5  |w (DE-576)01496855X  |x 0014-0325  |7 nnas 
773 1 8 |g volume:137  |g year:1987  |g number:6  |g pages:349-353 
951 |a AR 
ELC |b 1 
LOK |0 000 xxxxxcx a22 zn 4500 
LOK |0 001 3281108814 
LOK |0 003 DE-627 
LOK |0 004 1630964115 
LOK |0 005 20260302085646 
LOK |0 008 120404||||||||||||||||ger||||||| 
LOK |0 040   |a DE-21-110  |c DE-627  |d DE-21-110 
LOK |0 689   |a s  |a Anlage-Umwelt 
LOK |0 689   |a s  |a Begabung 
LOK |0 689   |a s  |a Intelligenz 
LOK |0 852   |z Kein Bestand am IfK; Nachweis für KrimDok 
LOK |0 852   |a DE-21-110 
LOK |0 852 1  |m v  |9 00 
LOK |0 935   |a k110 
LOK |0 938   |k v 
LOK |0 939   |a 04-04-12  |b l01 
ORI |a WA-MARC-krimdoka001.raw